00469nam a22001577a 4500003000400000005001700004008004100021040001000062082002000072100002600092245005800118250001300176260006300189300001100252650004800263OSt20250915154632.0250915b |||||||| |||| 00| 0 eng d cSBCL  a234.161 bBRO-M aBrock,Sebastian Paul  aMoran Etho -9 bA Brief Outline of Syriac Literature  a1st ed.  aKottayam bSt. Ephrem Ecumenical Research Institute c1997 a290.00 2ReligionaChristianityvSalvation and grace